ロード中...

Charchit Kahaniyan /

書誌詳細
第一著者: Sahani, Bhishma
言語:Undetermined
出版事項: New Delhi : Samayik Prakashan , 1999.
LEADER 00494nam a2200145Ia 4500
001 150868
008 170722s9999 xx 000 0 und d
100 |a Sahani, Bhishma 
245 |a Charchit Kahaniyan / 
260 |a New Delhi :  |b Samayik Prakashan ,  |c 1999. 
300 |a 160 p. 
923 |d 20070118  |n V190 
942 |c GEN 
999 |c 134360  |d 134360 
952 |0 0  |1 0  |4 0  |6 O_15231NSA1X_N9  |7 0  |9 189567  |a LIB  |b LIB  |d 2013-03-25  |e Prabhus Books  |l 2  |o O152,31NSA1x N9  |p 263353  |r 2018-08-03  |s 2018-07-05  |v 100.00  |w 2017-08-12  |y GEN